河南人口最多的20个县级行政区 20 most populous county-level regions in Henan - Statistics

General Stats
  • This quiz has been taken 36 times
  • The average score is 14 of 20
Answer Stats
人口 地市 县区 % Correct
147 郑州市 新郑市
100%
142 郑州市 中牟县
87%
215 郑州市 金水区
83%
125 南阳市 邓州市
83%
118 郑州市 管城回族区
83%
126 商丘市 永城市
77%
111 许昌市 禹州市
73%
106 郑州市 二七区
73%
151 郑州市 中原区
70%
102 周口市 淮阳区
67%
101 驻马店市 上蔡县
67%
109 南阳市 卧龙区
63%
117 安阳市 滑县
60%
99 南阳市 宛城区
60%
104 信阳市 固始县
57%
97 平顶山市 汝州市
57%
115 周口市 太康县
53%
105 南阳市 唐河县
53%
106 周口市 郸城县
47%
103 驻马店市 驿城区
47%
No matching quizzes found
Score Distribution
Percent of People with Each Score
Percentile by Number Answered
Your Score History
You have not taken this quiz